000 00418nam a2200157 4500
001 109716
003 ES-MaACL
005 20230906184908.0
007 t|
008 061121s1970 sp r ||||1| spa d
100 1 _aOmbuena, José.
_987038
245 1 0 _aValencia, ciudad abierta /
_cJosé Ombuena.
260 _aValencia :
_bPrometeo,
_c1970.
300 _a335 p. ;
_c21 cm.
852 _aES-MaACL
_jC-39775
_bR.75939
999 _c109716
_d109716